000 00498 a2200169 4500
003 OSt
005 20251113153932.0
008 231018b |||||||| |||| 00| 0 eng d
020 _a9789953764314
040 _coclc
082 _a892.7
_bHUS/S
100 _aHussain, A. D. Qassi
_910495
245 _aSOCIOLOGIYA AL ADAB /
_cA D Qassi Hussain
260 _aLabnon:
_bDav va Makthabathu Al hilal,
_c2009.
300 _a416p. ;
942 _2ddc
_cBK
_h892.7
_k892.7
_iHUS/S
_mHUS/S
999 _c42666
_d42666